[Event "Tata Steel-A 74th"]
[Site "Wijk aan Zee"]
[Date "2012.01.21"]
[Round "7"]
[White "Van Wely, Loek"]
[Black "Giri, Anish"]
[Result "1/2-1/2"]
[WhiteElo "2692"]
[BlackElo "2714"]
[Annotator "Van Wely,L"]
[PlyCount "132"]
[EventDate "2012.01.14"]
[EventType "tourn"]
[EventRounds "13"]
[EventCountry "NED"]
[EventCategory "21"]
[SourceTitle "CBM 147"]
[Source "ChessBase"]
[SourceDate "2012.03.16"]
[SourceVersion "1"]
[SourceVersionDate "2012.03.16"]
[SourceQuality "1"]

{I especially annotated this game for my friend Levon Aronian, accidentally 
(but not really) also the winner of this year's edition of Wijk aan Zee. Since
he had been looking forward so much to see this derby, I wanted to grant him a
peek into the kitchen of the mind of those great derby warriors :)} 1. d4 Nf6
2. Bg5 $5 {For Wijk aan Zee I had a special advisor who was advising me which
opening to play. Somehow it reminded me of back in the days when I was the
second of Kamsky in his 1996 match vs Karpov, when his dad told us which
opening Gata was going to play (and needless to say, this was the opening we
had to prepare, sometimes starting from scratch). Anyway I knew my advisor had
his reasons for his choice of opening and for once I decided not to be
stubborn and tried to be unpredictable. So the Trompovsky was one of his
suggestions. Unfortunately the surprise factor wasn't that big. Prior to the
European team championships, we had a training session with the national team
and in some blitz match with both Anish and his coach Vladimir Chuchelov, I
had used this weapon quite a few times already...} c5 (2... Ne4 3. Bh4 (3. Bf4
{This is a move I faced myself recently in the 3rd division of the Dutch
League against Johnny Fluit} c5 4. f3 Qa5+ 5. c3 Nf6 6. Nd2 cxd4 7. Nb3 Qb6 (
7... Qf5 {is riskier but a dream compared to the boring position I got} 8. Bxb8
Rxb8 9. Qxd4 b6 10. e4 Qf4 11. Nh3 Qc7 12. e5) 8. Qxd4 Nc6 9. Qxb6 axb6 10. Nd4
e5 11. Nxc6 exf4 12. Nd4 d5 13. e3 fxe3 14. Ke2 {and that day Johnny was very
solid!}) 3... c5 (3... d5 4. f3 Nd6 5. Nc3 Nf5 6. Bf2 c5 7. dxc5 d4 8. e4 {
This is how normally my games with Vladimir were going. He still doesn't
realise that Black is worse here, so I will keep on repeating it :)}) 4. f3 g5
5. fxe4 gxh4 {Another try of Vladimir, in fact I believe this line to be good
for Black, I had myself some experience here as Black against Mamedyarov. But
of course, things are tricky, especially when you are not prepared for this
kind of coffee house position.}) (2... e6 3. e4 h6 4. Bxf6 Qxf6 {was how my
blitz games with Anish went.}) 3. Bxf6 gxf6 4. d5 Qb6 5. Qc1 f5 6. g3 ({
With hindsight I believe} 6. c4 {is better:} Bh6 $2 7. e3 f4 $2 8. exf4 Bxf4 9.
Qxf4 Qxb2 10. Ne2 Qxa1 11. Nec3 Qb2 12. d6 {and Black is in serious trouble
already} Qc2 (12... Rg8 13. Bd3 e6 14. Bxh7 Rg7 15. h4 Nc6 16. Qh6 Rxg2 17. Rf1
$18) 13. Qe3 Nc6 14. Bd3 Qb2 {Wells-Shirov 1-0}) 6... Bg7 7. c3 Qf6 8. e3 Na6 {
I am not sure the knight is so great on c7, I think I would have preferred to
put it on e5.} 9. Ne2 Nc7 ({For a while I was considering} 9... h5 10. h4 e5 {
of course it has its positional drawbacks, but at least it would have
prevented White from getting his ideal setup, like in the game}) ({Or
immediately} 9... b5 {and at least Black is also going to have some fun!}) 10.
Nf4 Bh6 11. c4 d6 12. Nc3 Bd7 13. Be2 a6 14. a4 b6 15. Nh5 Qg6 16. Bf3 Rb8 17.
Ne2 {I think by now Anish must have realised something had gone wrong.} Rf8 18.
Qd2 {Threatening eventually to open up the queenside with b4.} a5 {So this is
a sad neccessity.} 19. O-O Kd8 20. Rfe1 Ne8 21. Nef4 Qg8 22. e4 Qh8 23. Qe2 (
23. Qc2 Ng7) 23... Rb7 24. e5 {Maybe it was better to leave the queens on,
however the resulting structure looked too good to be true: Black simply can't
move.} Qxe5 25. Qxe5 dxe5 26. Rxe5 Nd6 {Anish didn't see any more winning
possibilities for himself here and offered a draw. But unfortunately for him I
didn't see any losing possibilities for myself, so I refused :)} 27. b3 Rg8 28.
Rae1 Bf8 29. R5e3 Rb8 30. h4 Kc7 31. Bd1 Re8 32. Bc2 Kd8 33. R3e2 Rg4 34. Kh2
Rg8 35. f3 Kc7 36. Nd3 Rg6 {Black is forced to put his rook on h6 now. If not
then with the knight on e5 at some point White will push g4.} 37. Ne5 Rh6 38.
Nxd7 Kxd7 39. g4 e6 {Black is somehow trying to keep his position together,
but it's clear he is on the verge of a positional collapse.} 40. Re5 $6 {
In time trouble it is not such a smart idea to put your rook on the h2-b8
diagonal while your opponent is holding the dark-squared bishop!} ({Apart from
that} 40. Nf4 $1 {would have been very good, but who would take such a
decision on move 40 with little time left? Shirov? Topalov? I decided (only
this time) not to be brave (but trying to be smart!)} fxg4 41. fxg4 Be7 (41...
Rxh4+ 42. Kg3 Rh6 (42... Be7 43. dxe6+ fxe6 44. Rxe6) 43. g5) 42. dxe6+ (42. h5
) 42... fxe6 43. Rxe6 Rxe6 44. Rxe6 Rf8 45. Kg3 Bxh4+ 46. Kxh4 Rxf4 47. Rh6 Rf2
48. Rxh7+ Ke6 49. Bg6 Kf6 (49... Rb2 50. Kg5 Rxb3 51. Bf5+) 50. g5+) 40... Be7
41. Kh3 Bd8 42. R1e2 {Playing a waiting game, pretending to be very subtle,
trying to make your opponent think that he is in zugzwang or something like
that and hoping he will panic and implode.} (42. Rd1 $5 Kc7 43. dxe6 Rhxe6 44.
Rxe6 Rxe6 45. Nf4 fxg4+ 46. Kxg4 Re8 47. Rd5 {looks unpleasant for Black.})
42... Rf8 $6 {But here Black misses his only chance to break free:} (42...
fxg4+ $5 43. fxg4 f5 44. dxe6+ (44. Kg2 Rg8 (44... fxg4 45. Ng7) (44... Bxh4
45. Ng7 Rg8 46. dxe6+ Ke7 47. Nxf5+ Nxf5 48. Bxf5) 45. dxe6+ Ke8 46. Kf3 fxg4+
47. Kg3 Nc8) 44... Rhxe6 45. Rxe6 Rxe6 46. Rxe6 Kxe6 47. g5 {and compared to
the game (although Black has to defend himself) this is already a much better
version} (47. Ng7+ Kf6 48. Nxf5 Nxf5 49. Bxf5 h6 {is just a draw})) 43. Bd3 (
43. Rd2) 43... fxg4+ $2 {Based on a miscalculation.} 44. fxg4 exd5 45. Rxd5 Kc7
(45... f5 {was Anish's intention but then he realised in time that} 46. Bxf5+
Rxf5 47. gxf5 Rxh5 48. Re6 Be7 {loses due to} 49. Rxe7+ ({or} 49. Rdxd6+ Bxd6
50. Kg4) 49... Kxe7 50. f6+) 46. Bf5 Rg8 47. Re3 Rf8 48. Ree5 Rg8 49. Bc2 Rf8
50. Bd1 {After some manoeuvring White is finally showing his cards: g5 is next.
Now Black is forced to act.} Re8 51. Rxe8 Nxe8 52. g5 Rd6 53. Rxd6 {A logical
decision although} (53. Bc2 {may have been better but it was very hard to
evaluate Black's counterplay after} Rxd5 54. cxd5 b5 55. axb5 Kb6 56. Bxh7 Kxb5
57. Kg4 c4 58. bxc4+ Kxc4 59. Nf4 a4) 53... Kxd6 54. Bc2 f6 55. g6 ({Of course,
my original intention had been} 55. Kg4 fxg5 56. hxg5 {but then I got very
worried about} Ke5 $1 (56... h6 $4 {loses on the spot} 57. Bg6 $1 (57. gxh6 $4
{draws on the spot} Nf6+ 58. Nxf6 Bxf6)) 57. Bxh7 Kd4 58. Bf5 Bxg5 $1 {the
right moment to sacrifice the bishop for the dangerous g-pawn} (58... Kc3 $2
59. Bd7 {and it would be too late for that}) 59. Kxg5 Kc3 60. Nf4 Kxb3 61. Nd5
Kxc4 62. Nxb6+ Kd4 {and with little time on the clock I wasn't able to judge
this position well, it might be a win but it's going to be very very hard to
get there.}) 55... hxg6 56. Bxg6 Nc7 57. Bf5 Ne6 58. Bxe6 (58. Kg4 Nd4 59. Nf4
Ke7 60. h5 Kf7 61. h6 Kg8) 58... Kxe6 59. Ng7+ ({After} 59. Nf4+ {Black would
become very active with} Ke5 60. Nd5 f5 61. h5 Bg5 62. Nxb6 Ke4 {and I don't
think White has any realistic winning chances here.}) 59... Ke5 60. Kg4 f5+ $1
61. Nxf5 Bxh4 $1 {Lucky Anish still has this trick!} 62. Nxh4 Kd4 63. Kf3 Kc3
64. Ke3 Kxb3 65. Kd3 Kxa4 66. Kc3 b5 1/2-1/2

[Event "Tata Steel-A 76th"]
[Site "Wijk aan Zee"]
[Date "2014.01.13"]
[Round "3"]
[White "Van Wely, Loek"]
[Black "Giri, Anish"]
[Result "1/2-1/2"]
[WhiteElo "2672"]
[BlackElo "2734"]
[Annotator "Van Wely,L"]
[PlyCount "60"]
[EventDate "2014.01.11"]
[EventType "tourn"]
[EventRounds "11"]
[EventCountry "NED"]
[EventCategory "20"]
[SourceTitle "CBM 159"]
[Source "ChessBase"]
[SourceDate "2014.03.17"]
[SourceVersion "1"]
[SourceVersionDate "2014.03.17"]
[SourceQuality "1"]

{Due to some unforseen circumstances, Anish happens to have a few rating
points more than me now. Fortunately some things never change. Also in this
game Anish proves himself to be a nice guy, all I had to do was to finish him
off...} 1. d4 Nf6 2. Bg5 $1 {This must have come as a big shock to Anish, 2
years ago I used the Trompovsky against Anish as a surprise weapon, so he
definitely didn't expect me to try it again! In my preparation I had decided
to play some off-beat opening, so I was wondering which crap I was going sell
to Anish this time, finally decided to sell him the same crap again, and he
bought it, again, good boy! :)} e6 ({Last time he tried} 2... c5 3. Bxf6 gxf6
4. d5 {but in the end he didn't really enjoy the type of position he got.}) 3.
e4 h6 4. Bxf6 Qxf6 5. c3 {This looks like a modest move, but once I faced it
myself and understood things were not so simple at all. So I got curious how
Anish would handle this position. Spoiler alert: I didn't learn much...} d6 (
5... d5 {and}) (5... c5 {are serious, and possibbly better alternatives.
However I also played ...d6.}) 6. Bd3 e5 7. Ne2 Qd8 8. O-O Be7 9. f4 O-O 10.
Nd2 exd4 {So far so good, however here our paths are deviating, I choose to
play} (10... Nc6) 11. Nxd4 ({First I was inclined to play} 11. cxd4 {however
after} c5 12. d5 Bf6 {I wasn't so sure about this Benoni-hybrid, especially
the knight on e2 was worrying me.}) 11... Re8 $2 ({I was expecting} 11... Nc6
12. Nxc6 bxc6 13. Nf3 {with a solid but very pleasant advantage. However what
Anish does, he is simply asking for some serious spanking. I guess he has been
a bad boy...}) 12. Qh5 (12. Bc4 Nd7 13. Bxf7+ Kxf7 14. Qb3+ (14. Qh5+ Kg8 15.
Ne6 Nf6 $1) 14... Kg6 15. Ne6 Nc5 {somehow just doesn't work! Lucky Anish 
(part 36578833)}) 12... Nd7 13. Bc4 (13. e5 {was in hindsight maybe stronger,
but if you can attack f7 with tempo and force him to play ...Rf8, also looked
too good to be true} Nc5 14. Bc2 Bf8 15. Rae1 {and White can slowly build up
his attack on the black monarch.}) 13... Rf8 14. e5 Nb6 (14... Nc5) 15. Bb3 c5
16. exd6 (16. N4f3 {felt wrong because you prefer to go to f5, nevertheless
Black is still suffering, however the move I played also felt wrong, but at
least it was based on some calculations.}) 16... cxd4 $2 (16... Qxd6 $142 17.
N4f3 {and here White can still claim some plus} ({I had planned} 17. Ne4 {
but after} Qc7 18. Nf5 Bxf5 19. Qxf5 Rad8 $11 {its just equal}) 17... Qxf4 $2 {
runs into} 18. Ne5 $1) (16... Bxd6 17. Nb5 $1 $36) 17. dxe7 Qxe7 18. Rae1 Qd8
19. Ne4 dxc3 20. f5 $1 ({Of course I could just take back, and be better, but
am I not just killing that fish in the attack?} 20. bxc3) 20... Qd4+ 21. Kh1
cxb2 {Anish thought he was already taking over, I guess that was also the
reason why he didn't offer me a draw, what he normally does when he doesn't
see any more winning chances for himself :) After the game I told him he was
completley boned, the only question was how badly...} 22. f6 Be6 {Here I spent
most of my time, unfortunately I had 2 seemingly very good continuations.} 23.
fxg7 $2 (23. Bxe6 fxe6 24. f7+ Kh8 25. Ng5 {looked very good, till I saw} Qd5 {
and got shocked and went back to analyse fxg7} (25... Qd3 {doesn't work since}
26. Nxe6 {wins easily}) {however after I had cooled down after the game, I
came back to my senses and saw the winning} 26. h4 {immediately. It renews the
deadly threat of Qg6 and Black is helpless.}) 23... Qxg7 (23... Kxg7 $2 24. Rf6
$1) 24. Rf3 {The eternal question: which rook! To summarise it's plusses and
minusses: plus: I will defend the rook on e1 with tempo from g3; minus:
missing attacking forces.} (24. Re3 {plus: the rook is more active on f1 then
on e1; minus: rook can't be defended with tempo} Rfc8 $1 {again, which rook to
take? plus: freeing the f8-square; minus: not defending f7 anymore. In fact we
both thought it was losing because of not defending f7, but in that line Black
is winning in fact! In fact Black draws here because he is freeing the
f8-square} (24... Rac8 $2 25. Rg3 Rc1 (25... Qxg3 26. Qxh6 $1 Qe5 27. Nf6+ Qxf6
28. Qxf6 Rc1 29. Qg5+ Kh8 30. Rxc1 $18) 26. Rxg7+ Kxg7 27. Qe5+ f6 28. Qg3+ (
28. Qf4 {now black has} Nd5 29. Bxd5 Rxf1+ 30. Qxf1 Bxd5 31. Qb1 Rc8 32. Qxb2
Bxe4 $11) 28... Kh7 29. Qf4 Rxf1+ (29... Nd5 30. Bxd5 Rxf1+ 31. Qxf1 Bxd5 32.
Nc3 Rc8 33. Qf5+ {the difference}) 30. Qxf1 Rc8 31. Nc3 Bxb3 32. Qb1+ Kg7 33.
axb3 Rxc3 34. Qxb2 $16) 25. Rg3 Rc1 26. Rxg7+ Kxg7 27. Qe5+ Kg8 28. Nf6+ Kf8 {
and White has no more than a perpetual.}) 24... Rac8 ({Here we both thought
that} 24... Rfc8 {was losing because of} 25. Bxe6 $2 (25. Rg3 Qxg3 $1 (25...
Rc1 26. Rxg7+ Kxg7 27. Qe5+ Kh7 28. Nf6+ Kg6 29. Bxe6 fxe6 30. Qxe6 $18) 26.
hxg3 Rc1 27. Nf6+ Kg7 28. Qe5 b1=Q 29. Nh5+ Kf8 30. Qh8+ Ke7 31. Qf6+ $11)
25... Rc1 26. Rxf7 {however we both missed} Kh8 $3 {which in fact turns the
tables!}) 25. Rg3 Qxg3 $6 {I had seen this motif in a different version, still
I got caught by surprise. However it's not the best move} (25... Rc1 $1 26.
Rxg7+ (26. Bd1 {I had seen that} Qxg3 {was neccesary} ({because} 26... b1=Q {
is losing because of} 27. Qxh6 $3)) 26... Kxg7 27. Qe5+ f6 28. Qg3+ Kh8 29. Nd2
{and here we both thought that White was very good, and that's very
understandable, however my computer revealed the naked truth to me!} (29. Bd1
b1=Q 30. Qg6) 29... Bxb3 30. axb3 (30. Nxb3 Rfc8 (30... b1=Q 31. Rxc1 $11) 31.
Qe3 Rxe1+ 32. Qxe1 Rc1 33. Nxc1 b1=Q 34. h4 $11)) 26. hxg3 Rc1 27. Bd1 $2 {
Setlling for a draw.} ({With more time on the clock I should have found that} 
27. Nf6+ $1 Kg7 28. Qe5 Rxe1+ 29. Qxe1 Rc8 ({I don't think Black can create a
fortress here} 29... Kxf6 30. Qc3+ Ke7 (30... Kg6 31. Bc2+ {is quite annoying
as well}) 31. Qxb2) 30. Nh5+ Kg8 31. Kh2 Rc1 32. Qe5 Rh1+ 33. Kxh1 b1=Q+ 34.
Kh2 Qg6 35. Bxe6 fxe6 36. Qb8+ Kf7 37. Qxb7+ Ke8 38. Qb8+ Ke7 39. Qxa7+ Nd7 40.
Qa3+ {gives White very good winning chances due to his safe king and the
passed a-pawn without any risk. Pity...}) 27... b1=Q 28. Qxh6 Nd5 29. Qg5+ Kh8
30. Qh6+ Kg8 1/2-1/2

[Event "URS-ch49 Semifinal"]
[Site "Beltsy"]
[Date "1981.07.??"]
[Round "?"]
[White "Ubilava, Elizbar"]
[Black "Razuvaev, Yuri S"]
[Result "1-0"]
[WhiteElo "2455"]
[BlackElo "2525"]
[Annotator "Vasiukov,E"]
[PlyCount "111"]
[EventDate "1981.07.01"]
[EventType "tourn"]
[EventRounds "15"]
[EventCountry "URS"]
[EventCategory "7"]
[SourceTitle "EXT 2009"]
[Source "ChessBase"]
[SourceDate "2008.11.26"]
[SourceVersion "1"]
[SourceVersionDate "2008.11.26"]
[SourceQuality "1"]

1. d4 c5 2. dxc5 e6 3. Nc3 Nf6 4. e4 Nc6 5. Be3 Qa5 6. Bd3 Bxc5 7. Bxc5 Qxc5 8.
Nf3 a6 9. O-O b5 10. Re1 d6 11. e5 dxe5 12. Ne4 Qe7 13. a4 b4 14. Ned2 O-O 15.
Nxe5 Nxe5 16. Rxe5 Bb7 17. a5 Qc7 18. Qe2 g6 19. Nc4 Nd7 20. Re3 Nc5 21. b3
Rad8 22. Rd1 Rd4 $2 23. Qe1 $1 Nxd3 24. Rexd3 Rxd3 25. Rxd3 Qc5 26. h3 Qg5 27.
Ne3 Qxa5 28. Rd4 e5 29. Qxb4 Qc7 (29... Qxb4 30. Rxb4 {with bad endgame for
Black.}) 30. Rc4 Qd7 31. Qc3 Qe6 32. Rc7 Bd5 33. Qc5 Ba8 34. Re7 Qc8 35. Qxe5
h5 36. Qc7 Qxc7 37. Rxc7 Rb8 38. Kf1 Kg7 39. h4 Rb6 40. Ke2 Be4 41. Kd2 Rd6+
42. Kc3 Re6 43. Kd4 Bf5 44. Kc5 Be4 45. c4 Kf8 46. b4 Ke8 47. b5 axb5 48. cxb5
f5 49. g3 Kd8 50. Rg7 f4 51. gxf4 Rf6 52. f5 gxf5 53. f4 Bd3 54. Nd5 Re6 55. b6
Kc8 56. Ne7+ 1-0